LEADER 01403nam a2200265 4500 001 000000340812 003 CaOOAMICUS 005 20200629155330.0 008 200629s1764 it 000 u ita r 026 $alib- I.I. V.o. Cb(o (3) 1764 (Q) 040 $aSeMil$bita 245 00$aComponimenti fatti in occasione della pubblica presentazione nella chiesa metropolitana di alcuni schiavi insubri riscattati da' MM. RR. PP. Trinitarj Scalzi del real convento della B.V. de' Miracoli in Monforte ... 264 1$aIn Milano :$bNella Stamperia di Pietro Antonio Frigerio,$c[1764] 300 $a48 p. ;$c4° 500 $aIniziali, fregi xilogr. 500 $aStampato presumibilmente nel 1764, come si desume dal titolo e dall'imprimatur 500 $aSegn.: ?24 700 1 $aFrigerio, Pietro Antonio,$c.$0(OLS)http://semarc/name/25676 752 $aIT$dMilano 850 $aSeMil 852 $aSeMil$W1$xVenegono$y1$m3Z V 14/9 FA$j219611$B231836$CSeMilBibl$Z2$F231836 $8I 941 1 $a10 996 $6245$aComponimenti fatti in occasione della pubblica presentazione nella chiesa metropolitana di alcuni schiavi insubri riscattati da' MM. RR. PP. Trinitarj Scalzi del real convento della B.V. de' Miracoli in Monforte ...$9(OLS)http://semarc/title/429891 996 $6264$aIn Milano :$bNella Stamperia di Pietro Antonio Frigerio$9(OLS)http://semarc/publisher/54598 LEADER 00808nam a2200205 i 4500 001 000000208077 003 CaOOAMICUS 005 20111110000000.0 008 111110s1967 it u000 u ita u 013 $a186860 040 $aSeMil$bita 100 1 $aBucarelli, Palma.$0(OLS)http://semarc/name/74694 245 10$aScultori italiani contemporanei /$cPalma Bucarelli. 260 $aMilano :$bA. Martello,$cstampa 1967. 300 $a233 p. :$briccamente ill. ;$c37 cm. 650 4$aScultura italiana - Sec. 20.$0(OLS)http://semarc/subject/35359 850 $aSeMil 852 $aSeMil$W1$xVenegono$y1$m5I VII 21$j158535$B158535$CSeMilBibl$Z2$F169681 $81 996 $6245$aScultori italiani contemporanei$9(OLS)http://semarc/title/300902 996 $6260$aMilano :$bA. Martello$9(OLS)http://semarc/publisher/32451